Código Civil /

Guardado en:
Formato: Desconocido
Idioma:Spanish
Publicado: Madrid : Boletín Oficial del estado, 1978
Edición:10º ed.
Series:Textos Legales Boletin Oficial del Estado 13
Materias:
Etiquetas: Agregar Etiqueta
Sin Etiquetas, Sea el primero en etiquetar este registro!
LEADER 00482nac a22001575a 4500
001 DER.der001721
005 20060705000000.0
008 180615s1978####||||||||||||||||||||spa||
020 |a 84-340-0493-3 
245 1 0 |a Código Civil /  |c  España - Códigos 
250 |a 10º ed. 
260 |a Madrid :  |b Boletín Oficial del estado,  |c 1978 
300 0 |a 683 p. 
440 0 |a Textos Legales  |p Boletin Oficial del Estado  |v 13 
653 |a Código civil 
859 |a DERECHO  |b BIB. DERECHO  |h 348.023 46  |i ESP  |p 003798